Nejbližší perspektivy celulozopapírenského průmyslu

Analýza svetového priemyslu papiera a celulózy v britskom denníku Financial Times. Prudký nárast cien a prognózy ďalšieho rastu cien papiera a celulózy. Spotreba a zásoby papiera. Situácia v Kanade, USA a Škandinávii.

Salvato in:
Dettagli Bibliografici
Natura: Capitolo di libro
Lingua:ceco
Soggetti:
Tags: Aggiungi Tag
Nessun Tag, puoi essere il primo ad aggiungerne!!

MARC

LEADER 00000naa a2200000 4500
001 r019350
005 20221208131436.3
041 0 |a cze 
044 |a CZ 
245 1 0 |a Nejbližší perspektivy celulozopapírenského průmyslu 
520 |a Analýza svetového priemyslu papiera a celulózy v britskom denníku Financial Times. Prudký nárast cien a prognózy ďalšieho rastu cien papiera a celulózy. Spotreba a zásoby papiera. Situácia v Kanade, USA a Škandinávii. 
610 2 0 |a priemysel papiernický 
610 2 0 |a celulóza 
610 2 0 |a papier 
610 2 0 |a trh svetový 
610 2 0 |a ceny svetové 
610 2 0 |a analýza trhu 
610 2 0 |a zásoby 
610 2 0 |a prognózy 
610 2 0 |a USA 
610 2 0 |a Kanada 
610 2 0 |a Škandinávia 
610 2 0 |a 1994-1995